000 00325nam a2200121Ia 4500
005 20251222143319.0
008 251222s9999||||xx |||||||||||||| ||spa||
082 _a985.019/A62
100 _aAntunéz de Mayolo, R.
245 0 _aLa Nutrición en el Antiguo Perú
264 _bBanco Central de Reserva del Perú
942 _cLIB
999 _c15997
_d15997